000 01423nam a22004337a 4500
001 439
003 FISKH
005 20230421103450.0
008 230421b cb ||||| |||| 00| 0 eng d
010 _a 2005282516
020 _a0439691397 (pbk.)
035 _a(OCoLC)ocm60736353
040 _aX#4
_cX#4
_dOCLCQ
_dBAKER
_dOCLCQ
_dDLC
041 1 _aeng
_hita
042 _alcac
_alccopycat
050 0 0 _aPZ7
_b.C39955 2005
082 0 0 _a813.6
_222
100 1 _aDami, Elisabetta
240 1 0 _aCamper color formaggio.
_lEnglish
245 1 2 _aA cheese-colored camper /
_cGeronimo Stilton.
260 _aNew York :
_bScholastic,
_cc2005.
300 _a111 p. :
_bcol. ill., col. maps ;
_c20 cm.
505 _aF
520 _aGeronimo travels to Ratzikistan to help his grandfather write a guide book about this remote area.
521 0 _a430
_bLexile
521 1 _aF
_bRaz-Plus
600 1 0 _aStilton, Geronimo
_vJuvenile fiction.
650 0 _aMice
_vJuvenile fiction.
650 0 _aVoyages and travels
_vJuvenile fiction.
650 0 _aGrandfathers
_vJuvenile fiction.
650 1 _aMice
_vFiction.
650 1 _aJournalists
_vFiction.
650 1 _aGrandfathers
_vFiction.
650 1 _aVoyages and travels
_vFiction.
655 7 _aAdventure fiction.
_2gsafd
906 _a7
_bcbc
_ccopycat
_d2
_encip
_f20
_gy-gencatlg
942 _2ddc
_cBK
_n0
999 _c439
_d439